00727nam a2200241 a 4500001001300000003000900013005001700022008004100039020001000080082001500090100001600105245008100121260004400202300000900246500003500255505001000290650002300300700001600323902000800339942000700347952011600354999001500470nice12345678IN_TiNIC20260116012417.0050524s1988 boma grp 000 0 eng  ac10000a275.4bSTO aStott, John aIssues Facing Christians Todayb Major Appraisalof Contemporary Social & Mor aBombaybGospel Literature Servicec1988 a340p aincludes index and biblioraphy2 aindex aChristianity-India1 aStott, John bSRS cBK 001040708StackRoom-aHMIbHMId2007-07-19g100.00l0o275.4 STOp013351r2007-07-19v100.00w2005-05-24yBK c6915d6915